000 00333nam a2200145Ia 4500
008 230718s9999 xx 000 0 und d
041 _aEng.
082 _a614.1
_bHOC-T
100 _aHockton Andrew
245 4 _aThe Law of consent
260 _aPakistan
_bSweet and marwell
_c2002
300 _a303
650 _aLaw
999 _c29887
_d29887